| 000 | 01194nam a2200229Ia 4500 | ||
|---|---|---|---|
| 003 | Ost | ||
| 005 | 20260507075545.0 | ||
| 008 | 260507s9999||||xx |||||||||||||| ||und|| | ||
| 020 | _a9773790256 | ||
| 040 | _cfsecg | ||
| 041 | _aara | ||
| 082 | _a330.121 | ||
| 100 |
_aعيد، عادل عبد الفضيل _eمؤلف |
||
| 245 | 0 |
_aالربح والخسارة في المعاملات المصارف الاسلامية : _bدراسة مقارنة / _c عادل عبد الفضيل عيد |
|
| 260 |
_aالاسكندرية: _bدار الفكر الجامعي, _c2007 |
||
| 300 |
_a559 صفحة؛ _bإيضاحات ؛ _c24 سم |
||
| 520 | _aيضم مفهوم الربح والخسارة في الشريعة والقانون، مشروعية الربح والحد الأعلى له، ضوابط تحقيق الربح في الفقه الإسلامي والقانون الوضعي، احتساب الربح والخسارة وكيفية توزيعهما، الربح والخسارة في المعاملات المصارف الإسلامية | ||
| 653 | _aالإقتصاد الإسلامي | ||
| 653 | _aالبنوك الإسلامية | ||
| 653 | _aالمعاملات | ||
| 942 | _cكتاب | ||
| 999 |
_c44886 _d44886 |
||